Регионална библиотека "Любен Каравелов" - Русе

Измерване на икономическия растеж и на неговите фактори (Запис номер 162679)

MARC детайли
000 -Лидер
Контролно поле с фиксирана дължина 01999nam a2200385 c 4500
003 - Код на организацията, давaща контролен номер
Контролно поле BLK
005 - Дата и час на последна редакция
Контролно поле 20180422113853.0
008 - Елементи от данни с фиксирана дължина
fixed length control field 180410b bul|||||r ||||||| ||bul||
010 ## - Наследен системен номер
LC control number KNG00170059000
040 ## - Източник на каталожния запис
Идентификатор на билиотеката - собственик на записа BLK
041 ## - Код за език
Код за езика на текст/звукозапис или на отделно заглавие Български
Код за езика КДБФ Български
080 ## - УДК
Текстов определител УДК Икономическа наука. Основни понятия на икономическата теория. Стойност. Капитал. Фондове
УДК код - определител по УДК 330.1
УДК определител
УДК - код + определител 330.1
080 ## - УДК
Текстов определител УДК Икономическо положение. Икономическа политика. Управление. Планиране. Производство. Услуги. Цени
УДК код - определител по УДК 338
УДК определител
УДК - код + определител 338
100 1# - Редна дума - Автор
Автор Найденова, Пенка
Авторска отговорност първи автор
R(LIN) 381869
139 ## - Редно поле
Редна дума Найденова, Пенка и др.
Авторски знак Наи - Н 17
245 10 - Сведения за заглавието
Заглавие Измерване на икономическия растеж и на неговите фактори
Подзаглавни данни Изследване
Редно поле (дума) Пенка Найденова; съавт. Маргарита Райнова.
257 ## - Страна на издаване
Страна на създаване/издаване България
260 ## - Област на издателските данни
-- София
Име на издателя, разпространителя и проч. БАН
Година на издаване 1984
300 ## - Физическа характеристика
Страници 190 с.
Илюстрации и др. с табл., диагр.
Размери/Мащаб 21 см
380 ## - Жанр
Жанр Обществени науки
500 ## - Общи забележки
Забележка Изд. на БАН. Икон. инст. - 600 тир. - Библиогр. с. 183-185. - Рез. на рус., англ. ез.
650 #4 - Допълнително описание по предмет – тема
Основно описание – тема или топоним Икономически закони - социализъм
9 (RLIN) 317865
650 #4 - Допълнително описание по предмет – тема
Основно описание – тема или топоним Стопанство, социалистическо
9 (RLIN) 335727
650 #4 - Допълнително описание по предмет – тема
Основно описание – тема или топоним Икономическа политика
9 (RLIN) 264207
650 #4 - Допълнително описание по предмет – тема
Основно описание – тема или топоним Икономически растеж
9 (RLIN) 243193
653 ## - Ключова дума – ненормативна
Ключова дума народно стопанство
653 ## - Ключова дума – ненормативна
Ключова дума икономическа политика
653 ## - Ключова дума – ненормативна
Ключова дума икономически растеж
700 1# - Други автори (авторска отговорност)
Лично име Райнова, Маргарита
Автороска отговорност (Описва отношението между автора и произведението) съавт.
9 (RLIN) 335726
852 ## - Местоположение
Форматна сигнатура Цб 125672
856 4# - Електронен адрес и достъп
Електронен формат pdf - файл
Път до файла /url/
856 4# - Електронен адрес и достъп
Електронен формат pdf - файл
Път до файла /url/
942 ## - АРТИКУЛИ
Вид на библиотечния материал Книги
Скрит в OPAC Не
944 ## - СЪЗДАВАНЕ И РЕДАКЦИЯ на ЗАПИСА
Създаване/Редакция Създаване
Дата на регистрацията/редакция 23.01.2015
Статус, дата на статуса 23.01.2015 - от С1,Р / 23.01.2015
Служител, извършил регистрацията/редакцията Кина_Георгиева
944 ## - СЪЗДАВАНЕ И РЕДАКЦИЯ на ЗАПИСА
Създаване/Редакция Редакция
Дата на регистрацията/редакция 23.01.2015
Статус, дата на статуса 23.01.2015 - от С1,Р / 23.01.2015
Служител, извършил регистрацията/редакцията
999 ## - СИСТЕМНИ КОНТРОЛНИ НОМЕРА
Koha biblionumber 162679
Koha biblioitemnumber 162679
Наличности
Код за отписване Код за изгубен артикул Източник на класификационната схема Код за повреда Коз за рестрикции Код за отдаване Артикулен № Име на библиотеката - собственик Име на библиотеката, в която се намира в момента Статус (Текущо местоположение) Дата на вписване в системата Местоположение - отдел Цена в лева Инвентарен номер Систематично азбучна сигнатура Баркод Номер на екземпляра Цена в евро Служебна бележка Служебен тип на артикула
  Не е изгубен Universal Decimal Classification Не е повреден без рестрикции ползва се в читалня 271800 Регионална библиотека "Любен Каравелов" Русе Регионална библиотека "Любен Каравелов" Русе Хранилище 1984-01-01 Хранилище 2.70 404273 Цб 125672 900000012692 1 1.38 N: стар фонд Дата: 01.01.1984 Книги
Изтеглен Не е изгубен Universal Decimal Classification Не е повреден без рестрикции заемане за дома 271801 Регионална библиотека "Любен Каравелов" Русе Регионална библиотека "Любен Каравелов" Русе Заемна - подръчен фонд 1984-01-01 Заемна - подръчен фонд 2.70 401553 П 330/Н 17 401553 2 1.38 N: стар фонд Дата: 01.01.1984 Дата инв: 05.02.2018 Бележки инв: П2018 Книги
Vip Innovations Ltd, Rousse, Bulgaria 2025